• 首页
  • 本馆介绍
  • 公告通知
  • 最新文献
  • 馆藏检索
  • 电子资源
  • 读者导购
  • 参考咨询
  • 我的图书馆
  • 登录
  • 详细信息显示
  • 放入我的书架
  • 预约/预借图书
  • 作者相关作品
  • 分类相关作品
  • 丛书相关作品
  • 出版社相关作品

书目信息

  • 表格格式
  • 工作单格式
  • 卡片格式
题名:
计算机技术与网络安全
    
 
作者: 陈红玉 , 刘光金 , 孟庆鑫 主编
分册:  
出版信息: 北京   中国纺织出版社  2018.06
页数: 260页
开本: 26cm
丛书名:
单 册:
中图分类: TP3 , TP393.081
科图分类:
主题词: 计算机科学 , 计算机网络--计算机安全
电子资源:
ISBN: 978-7-5180-3590-8
000 01189nam0 2200265 450
001 172
005 20180921102039.30
010    @a978-7-5180-3590-8@dCNY78.00
100    @a20180315d2018 em y0chiy50 ea
101 0  @achi
102    @aCN@b110000
105    @ay z 000yy
200 1  @a计算机技术与网络安全@9ji suan ji ji shu yu wang luo an quan@f陈红玉,刘光金,孟庆鑫主编
210    @a北京@c中国纺织出版社@d2018.06
215    @a260页@d26cm
330    @a随着科技的进步,计算机的网络技术与安全受到越来越多的学者重视,如何保证人民群众的财产、隐私安全是很多从事网络安全人员的使命,而对于网络安全能否在一定技术条件下得以实现也成为了研究热点。本书详细介绍了计算机网络安全技术方面的相关知识,同时,对于网络威胁及防御措施做了深入的分析和探讨,对于木马、协议攻击、监听攻击、欺骗攻击等详细阐述了解决方案。本书着重强调以技术的视角来提供解决网络安全问题的方式和思路,给读者提供基础知识和启发。
606 0  @a计算机科学
606 0  @a计算机网络@x计算机安全
690    @aTP3@v5
690    @aTP393.081@v5
701  0 @a陈红玉@9chen hong yu@4主编
701  0 @a刘光金@9liu guang jin@4主编
701  0 @a孟庆鑫@9meng qing xin@4主编
801  0 @aCN@b91MARC@c20180315
905    @aMuseLib@dTP3@e795
    
    计算机技术与网络安全/陈红玉,刘光金,孟庆鑫主编.-北京:中国纺织出版社,2018.06
    260页;26cm
    
    
    ISBN 978-7-5180-3590-8:CNY78.00
    随着科技的进步,计算机的网络技术与安全受到越来越多的学者重视,如何保证人民群众的财产、隐私安全是很多从事网络安全人员的使命,而对于网络安全能否在一定技术条件下得以实现也成为了研究热点。本书详细介绍了计算机网络安全技术方面的相关知识,同时,对于网络威胁及防御措施做了深入的分析和探讨,对于木马、协议攻击、监听攻击、欺骗攻击等详细阐述了解决方案。本书着重强调以技术的视角来提供解决网络安全问题的方式和思路,给读者提供基础知识和启发。
●
相关链接 在E读中查询图书 在五车中查询图书 在当当中查询图书 在豆瓣中查询图书


正题名:计算机技术与网络安全     索取号:TP3/795         预约/预借

序号 登录号 条形码 馆藏地/架位号 状态 备注
1 1118594   211185947   第二样本阅览室/ [索取号:TP3/795] 在馆    
2 1118595   211185956   第三借阅区/ [索取号:TP3/795] 在馆    
3 1118596   211185965   第三借阅区/ [索取号:TP3/795] 在馆    
4 1118597   211185974   第三借阅区/ [索取号:TP3/795] 在馆    
5 1118598   211185983   第三借阅区/ [索取号:TP3/795] 在馆    
唐山师范学院图书馆 欢迎您!
大连网信软件有限公司© 版权所有